00461nam a2200145Ia 4500008004100000100001900041245006100060245005400121260005900175260000900234300001300243650001800256650001500274856002600289170221s9999 xx 000 0 und d aGarett, Renee. 2aA Literature Review: Website Design and User Engagement  cRenee Garett, Jason Chiu Ly, Zhang Sean D. Young. bOnline Journal of Communication and Media Technologies c2015 aXIII : 1 xCommunication xMedia Arts uhttp://www.ojcmt.net/